000 00993nam a22002417a 4500
001 5029
003 FISKH
005 20241101104152.0
008 241101b cb ||||| |||| 00| 0 eng d
020 _a9781407124094
040 _aFISKH
_beng
_cFISKH
_dFISKH
082 _a820.9
100 _aTurner, Tracey
245 _aCharles Dickens and His Pen Pals /
_cby Tracey Turner
260 _aNew York :
_bScholastic ;
_c2005.
300 _a192 pages :
_billustrations ;
_c21 cm .
490 _aHorribly Famous
520 _aYou've probably heard of William Shakespeare and his popular plays; Jane Austen and her love stories; Charles Dickens and his big blockbusters. But have you heard that William Shakespeare got mixed up in a plot against the Queen? Jane Austen nearly became a Bigg-Wither? And Charles Dickens had his clothes ripped off by his fans?
650 _aHistory and Leaders
_vnon-fiction
700 _aGoddard, Clive
_eillustrator
942 _2ddc
_cBK
_n0
999 _c5029
_d5029